[Event "Rusia ch Superfinal"]
[Site "Moscú RUS"]
[Date "2006.12.14"]
[Round "10.3"]
[White "Khairullin, Ildar"]
[Black "Inarkiev, Ernesto"]
[Result "0-1"]
[WhiteElo "2543"]
[BlackElo "2628"]
[PlyCount "128"]
[EventDate "2006.12.03"]
[EventType "tourn"]
[EventRounds "11"]
[EventCountry "RUS"]
[EventCategory "15"]
[Source "lmi"]
[SourceDate "2006.12.03"]

1. e4 e5 2. Nf3 Nc6 3. Bb5 a6 4. Ba4 Nf6 5. O-O b5 6. Bb3 Bc5 7. c3 d6 8. d4
Bb6 9. Bg5 h6 10. Bxf6 Qxf6 11. Bd5 Bd7 12. dxe5 dxe5 13. a4 Rd8 14. axb5 axb5
15. Bxc6 Bxc6 16. Qe2 g5 17. b4 g4 18. Nfd2 h5 19. c4 bxc4 20. Nxc4 Bxe4 21.
Ra3 Bxb1 22. Nxb6 cxb6 23. Rxb1 O-O 24. Re3 Rfe8 25. f3 Rd4 26. fxg4 hxg4 27.
b5 Qe6 28. h3 f5 29. Re1 Kg7 30. hxg4 Rxg4 31. Rxe5 Qxe5 32. Qxe5+ Rxe5 33.
Rxe5 Kf6 34. Re8 Rb4 35. Kf2 Kg5 36. Re6 Rxb5 37. g3 Rb2+ 38. Kf3 Rb3+ 39. Kf2
b5 40. Rb6 Rb1 41. Kf3 b4 42. Kf2 Kg4 43. Rg6+ Kh5 44. Rf6 Kg5 45. Rb6 Rb3 46.
Kg2 f4 47. gxf4+ Kxf4 48. Kf2 Rb2+ 49. Ke1 Ke3 50. Kd1 Kd3 51. Kc1 Kc3 52. Rh6
Kb3 53. Rh3+ Ka2 54. Rh4 Rb1+ 55. Kd2 b3 56. Ra4+ Kb2 57. Ra8 Ra1 58. Rb8 Ra7
59. Kd3 Rd7+ 60. Ke3 Kc2 61. Rc8+ Kb1 62. Rb8 b2 63. Rb6 Ra7 64. Kd2 Ka1 0-1

[Event "Rusia ch Superfinal"]
[Site "Moscú RUS"]
[Date "2006.12.14"]
[Round "10.4"]
[White "Najer, Evgeniy"]
[Black "Khismatullin, Denis"]
[Result "0-1"]
[WhiteElo "2648"]
[BlackElo "2583"]
[PlyCount "80"]
[EventDate "2006.12.03"]
[EventType "tourn"]
[EventRounds "11"]
[EventCountry "RUS"]
[EventCategory "15"]
[Source "lmi"]
[SourceDate "2006.12.03"]

1. e4 c5 2. Nf3 d6 3. d4 cxd4 4. Nxd4 Nf6 5. Nc3 a6 6. f3 e5 7. Nb3 Be6 8. Be3
Nbd7 9. Qd2 Be7 10. g4 O-O 11. O-O-O b5 12. g5 Nh5 13. Nd5 Bxd5 14. exd5 Qc7
15. Kb1 f5 16. Rg1 Bd8 17. h4 Qb8 18. f4 Nxf4 19. Bxf4 exf4 20. Qxf4 Bb6 21.
Rg3 Ne5 22. h5 g6 23. Be2 Ra7 24. Rh3 Rg7 25. a3 Qd8 26. Rdh1 Qe7 27. c3 gxh5
28. Rxh5 Ng6 29. Qh2 Rff7 30. Nd4 Bxd4 31. cxd4 Qe4+ 32. Ka1 Rc7 33. Rh6 Rc2
34. Rxh7 Rxe2 35. Rxg7+ Kxg7 36. Qh6+ Kf7 37. Qh7+ Kf8 38. Qh6+ Ke7 39. Qg7+
Kd8 40. Rc1 Ne7 0-1

[Event "Rusia ch Superfinal"]
[Site "Moscú RUS"]
[Date "2006.12.15"]
[Round "11.1"]
[White "Jakovenko, Dmitrij"]
[Black "Grigoriants, Sergey"]
[Result "1/2-1/2"]
[WhiteElo "2671"]
[BlackElo "2582"]
[PlyCount "35"]
[EventDate "2006.12.03"]
[EventType "tourn"]
[EventRounds "11"]
[EventCountry "RUS"]
[EventCategory "15"]
[Source "lmi"]
[SourceDate "2006.12.03"]

1. e4 c5 2. Nf3 Nc6 3. d4 cxd4 4. Nxd4 e6 5. Nc3 d6 6. Be3 Nf6 7. f4 Qc7 8. Qf3
a6 9. O-O-O Bd7 10. Rg1 h5 11. h3 h4 12. Kb1 Rc8 13. f5 Ne5 14. Qf2 b5 15. Bd3
Qb7 16. fxe6 fxe6 17. Rge1 Be7 18. Nf3 1/2-1/2

[Event "Rusia ch Superfinal"]
[Site "Moscú RUS"]
[Date "2006.12.15"]
[Round "11.2"]
[White "Svidler, Peter"]
[Black "Vitiugov, Nikita"]
[Result "1/2-1/2"]
[WhiteElo "2750"]
[BlackElo "2596"]
[PlyCount "71"]
[EventDate "2006.12.03"]
[EventType "tourn"]
[EventRounds "11"]
[EventCountry "RUS"]
[EventCategory "15"]
[Source "lmi"]
[SourceDate "2006.12.03"]

1. e4 c5 2. Nf3 e6 3. d4 cxd4 4. Nxd4 Nc6 5. Nc3 Qc7 6. Be3 a6 7. Qd2 Nf6 8.
O-O-O Bb4 9. f3 Ne5 10. Nb3 b5 11. Qe1 Be7 12. f4 Ng6 13. e5 Ng4 14. Bd2 Bb7
15. Bd3 Rc8 16. Qe2 f5 17. exf6 Nxf6 18. Rhf1 O-O 19. g3 b4 20. Ne4 Nxe4 21.
Bxe4 a5 22. Nd4 Bf6 23. Bxb7 Qxb7 24. Be3 Ne7 25. Nb5 Nf5 26. Bf2 Rc6 27. g4
Rfc8 28. Rd2 Rc4 29. b3 Qxb5 30. bxc4 Qa4 31. Qd3 Qxa2 32. Kd1 Ne7 33. Qb3 Qxb3
34. cxb3 d5 35. c5 Kf7 36. Ra2 1/2-1/2

[Event "Rusia ch Superfinal"]
[Site "Moscú RUS"]
[Date "2006.12.15"]
[Round "11.5"]
[White "Tomashevsky, Evgeny"]
[Black "Khairullin, Ildar"]
[Result "1/2-1/2"]
[WhiteElo "2595"]
[BlackElo "2543"]
[PlyCount "25"]
[EventDate "2006.12.03"]
[EventType "tourn"]
[EventRounds "11"]
[EventCountry "RUS"]
[EventCategory "15"]
[Source "lmi"]
[SourceDate "2006.12.03"]

1. c4 Nf6 2. Nc3 g6 3. g3 Bg7 4. Bg2 O-O 5. Nf3 d6 6. O-O Nc6 7. d3 e5 8. Rb1
a5 9. a3 h6 10. b4 axb4 11. axb4 Be6 12. b5 Ne7 13. Bb2 1/2-1/2

[Event "Rusia ch Superfinal"]
[Site "Moscú RUS"]
[Date "2006.12.15"]
[Round "11.6"]
[White "Alekseev, Evgeny"]
[Black "Nepomniachtchi, Ian"]
[Result "1/2-1/2"]
[WhiteElo "2639"]
[BlackElo "2545"]
[PlyCount "218"]
[EventDate "2006.12.03"]
[EventType "tourn"]
[EventRounds "11"]
[EventCountry "RUS"]
[EventCategory "15"]
[Source "lmi"]
[SourceDate "2006.12.03"]

1. e4 c5 2. Nf3 d6 3. d4 cxd4 4. Nxd4 Nf6 5. Nc3 a6 6. g3 e5 7. Nb3 Be7 8. Bg2
b5 9. Bg5 Nbd7 10. Nd5 Nxd5 11. Qxd5 Nb6 12. Bxe7 Kxe7 13. Qd2 f6 14. O-O Be6
15. c3 Rc8 16. h4 Nc4 17. Qe2 Qb6 18. Nc1 b4 19. cxb4 h5 20. Bf3 g5 21. hxg5
fxg5 22. Nd3 g4 23. Bg2 h4 24. gxh4 g3 25. b3 Na3 26. Rac1 Rcg8 27. Qe3 Qxe3
28. fxe3 Bd7 29. Rc7 Rxh4 30. Rfc1 Rhh8 31. Ra7 Nb5 32. Rb7 Rb8 33. Rxb8 Rxb8
34. Bf3 Bh3 35. Be2 Rc8 36. Rxc8 Bxc8 37. Kg2 Nc3 38. Nc1 Nxe4 39. Bf3 Nc3 40.
Kxg3 d5 41. Kf2 Kd6 42. Ke1 d4 43. Kd2 e4 44. Bh5 Ke5 45. Bf7 Bg4 46. a4 Nb1+
47. Kc2 Na3+ 48. Kd2 dxe3+ 49. Kxe3 Nc2+ 50. Kd2 Nxb4 51. Kc3 a5 52. Bc4 Bh5
53. Bb5 Kd5 54. Bc4+ Kc5 55. Bg8 Bg4 56. Bf7 Nc6 57. Bg6 Bf3 58. Na2 Ne5 59.
Bxe4 Bxe4 60. b4+ axb4+ 61. Nxb4 Nd7 62. Nd3+ Kb6 63. Kd4 Bh1 64. a5+ Kxa5 65.
Ne5 Nf6 66. Nd3 Kb5 67. Nf2 Ba8 68. Nd3 Kc6 69. Ne5+ Kd6 70. Nc4+ Ke6 71. Ne3
Ng8 72. Nc4 Ne7 73. Ne3 Bf3 74. Nc4 Nf5+ 75. Kc5 Be2 76. Nd2 Ke5 77. Nc4+ Kf4
78. Nd6 Ng7 79. Kd4 Bf3 80. Nc4 Ne6+ 81. Kc3 Bd5 82. Nb6 Bb7 83. Nc4 Ba6 84.
Nd2 Ke5 85. Nc4+ Kd5 86. Nb6+ Kc6 87. Nc4 Kc5 88. Ne3 Ng5 89. Nd1 Ne4+ 90. Kc2
Kd4 91. Kb3 Nc5+ 92. Kc2 Bc4 93. Kd2 Ne4+ 94. Ke1 Be6 95. Nf2 Ng5 96. Kd2 Bc4
97. Nd1 Nf3+ 98. Kc2 Be6 99. Nb2 Bf7 100. Na4 Ne1+ 101. Kd2 Nf3+ 102. Kc2 Ne5
103. Nc3 Bg6+ 104. Kb3 Kd3 105. Kb4 Be8 106. Nb5 Nd7 107. Nc7 Bg6 108. Ne6 Ke3
109. Nc5 Nb8 1/2-1/2